A. WESLEY POWELL LEARNING RESOURCE CENTRE (WPLRC)

Wonderful Place to Learn, Research & Collaborate

Jesus (Record no. 5161)

MARC details
000 -LEADER
fixed length control field 00472nam a22001937a 4500
001 - ACCESSION NUMBER
control field 9132
003 - CONTROL NUMBER IDENTIFIER
control field OSt
005 - DATE AND TIME OF LATEST TRANSACTION
control field 20160216104353.0
008 - FIXED-LENGTH DATA ELEMENTS--GENERAL INFORMATION
fixed length control field 160216b xxu||||| |||| 00| 0 eng d
020 ## - INTERNATIONAL STANDARD BOOK NUMBER
International Standard Book Number 0000000000
040 ## - CATALOGING SOURCE
Original cataloging agency DDC
Language of cataloging ENG
Transcribing agency DDC
Modifying agency DDC
082 ## - DEWEY DECIMAL CLASSIFICATION NUMBER
Classification number 232.9
100 ## - MAIN ENTRY--PERSONAL NAME
Relator code Hugh Anderson (ed)
245 ## - TITLE STATEMENT
Title Jesus
260 ## - PUBLICATION, DISTRIBUTION, ETC. (IMPRINT)
Place of publication, distribution, etc. Englewood Cliffs, N.J.
Name of publisher, distributor, etc. Prentice Hall Inc
Date of publication, distribution, etc. 1967
300 ## - PHYSICAL DESCRIPTION
Extent vii: 182p
Dimensions 21cm
504 ## - BIBLIOGRAPHY, ETC. NOTE
Bibliography, etc Inc. Bibliography, Index
942 ## - ADDED ENTRY ELEMENTS (KOHA)
Source of classification or shelving scheme Dewey Decimal Classification
Koha item type Circ Books

No items available.